Propuesta para la incorporación del modelado e impresión 3D a cursos seleccionados del plan de estudios de Ingeniería Civil en la Universidad de Costa Rica
Na minha lista:
| Autor principal: | |
|---|---|
| Outros Autores: | |
| Formato: | Livro |
| Idioma: | Spanish |
| Publicado em: |
[San José], Costa Rica
2020
|
| Assuntos: | |
| Tags: |
Adicionar Tag
Sem tags, seja o primeiro a adicionar uma tag!
|
MARC
| LEADER | 00000nam a2200000Ia 4500 | ||
|---|---|---|---|
| 003 | 013217 | ||
| 005 | 20230313155351.0 | ||
| 008 | 140116s2020 cr a 000 ||spa d | ||
| 040 | |c cru CEDI | ||
| 100 | |a Blanco Sitchenko, Daniel, 1990- |9 226 | ||
| 245 | |a Propuesta para la incorporación del modelado e impresión 3D a cursos seleccionados del plan de estudios de Ingeniería Civil en la Universidad de Costa Rica | ||
| 260 | |a [San José], Costa Rica |c 2020 | ||
| 500 | |a Proyecto de graduación (licenciatura en ingeniería civil)--Universidad de Costa Rica. Facultad de Ingeniería. Escuela de Ingeniería Civil | ||
| 501 | |a Director de Proyecto de Graduación: Ing. Erick Mata Abdelnour | ||
| 610 | |x Universidad de Costa Rica. Facultad de Ingeniería. Escuela de Ingeniería Civil - PLANES DE ESTUDIO | ||
| 650 | |x INGENIERÍA CIVIL - INNOVACIONES TECNOLOGICAS - ESTUDIO Y ENSEÑANZA - COSTA RICA |x IMPRESION TRIDIMENSIONAL - ESTUDIO Y ENSEÑNAZA | ||
| 700 | |9 227 |a Mata Abdelnour, Erick, 1973- |d Director del TFG | ||
| 942 | |c CEDI |h TFG 8368 |6 TFG_8368_000000000000000 | ||
| 999 | |c 13365 |d 13365 | ||
